<?xml version="1.0" encoding="UTF-8"?>
<record
    xmlns:xsi="http://www.w3.org/2001/XMLSchema-instance"
    xsi:schemaLocation="http://www.loc.gov/MARC21/slim http://www.loc.gov/standards/marcxml/schema/MARC21slim.xsd"
    xmlns="http://www.loc.gov/MARC21/slim">

  <leader>00979nam a22002537a 4500</leader>
  <datafield tag="952" ind1=" " ind2=" ">
    <subfield code="a">0001</subfield>
    <subfield code="b">0001</subfield>
    <subfield code="d">2020-02-05</subfield>
    <subfield code="l">0</subfield>
    <subfield code="o">928.94335 A35 2010</subfield>
    <subfield code="p">013538</subfield>
    <subfield code="r">2020-02-05 00:00:00</subfield>
    <subfield code="w">2020-02-05</subfield>
    <subfield code="y">BKS</subfield>
  </datafield>
  <datafield tag="999" ind1=" " ind2=" ">
    <subfield code="c">13752</subfield>
    <subfield code="d">13752</subfield>
  </datafield>
  <controlfield tag="003">TR-AnCHP</controlfield>
  <controlfield tag="005">20200205110550.0</controlfield>
  <controlfield tag="008">200205b        tu ||||| |||| 00| 0 tur d</controlfield>
  <datafield tag="020" ind1=" " ind2=" ">
    <subfield code="a">9789751735119</subfield>
  </datafield>
  <datafield tag="040" ind1=" " ind2=" ">
    <subfield code="a">TR-AnCHP</subfield>
    <subfield code="c">TR-AnCHP</subfield>
  </datafield>
  <datafield tag="041" ind1="0" ind2=" ">
    <subfield code="a">tur</subfield>
  </datafield>
  <datafield tag="082" ind1=" " ind2=" ">
    <subfield code="a">928.94335</subfield>
    <subfield code="b">A35 2010</subfield>
  </datafield>
  <datafield tag="245" ind1="0" ind2="0">
    <subfield code="a">Ahmet Hamdi Tanp&#x131;nar /</subfield>
    <subfield code="c">Edit&#xF6;rler Abdullah U&#xE7;man, Handan &#x130;nci.</subfield>
  </datafield>
  <datafield tag="260" ind1=" " ind2=" ">
    <subfield code="a">Ankara :</subfield>
    <subfield code="b">K&#xFC;lt&#xFC;r ve Turizm Bakanl&#x131;&#x11F;&#x131;,</subfield>
    <subfield code="c">2010.</subfield>
  </datafield>
  <datafield tag="300" ind1=" " ind2=" ">
    <subfield code="a">515 s. :</subfield>
    <subfield code="b">res. ;</subfield>
    <subfield code="c">21 sm.</subfield>
  </datafield>
  <datafield tag="440" ind1=" " ind2=" ">
    <subfield code="a">K&#xFC;lt&#xFC;r ve Turizm Bakanl&#x131;&#x11F;&#x131;</subfield>
    <subfield code="n">3270.</subfield>
    <subfield code="p">K&#xFC;t&#xFC;phaneler ve Yay&#x131;mlar Genel M&#xFC;d&#xFC;rl&#xFC;&#x11F;&#xFC; Anma ve Arma&#x11F;an Kitaplar&#x131;;</subfield>
    <subfield code="v">22.</subfield>
  </datafield>
  <datafield tag="504" ind1=" " ind2=" ">
    <subfield code="a">Kaynak&#xE7;a vard&#x131;r.</subfield>
  </datafield>
  <datafield tag="600" ind1=" " ind2="0">
    <subfield code="a">Tanp&#x131;nar, Ahmet Hamdi</subfield>
    <subfield code="d">1901-1962</subfield>
    <subfield code="x">Ya&#x15F;am&#xF6;yk&#xFC;s&#xFC;</subfield>
    <subfield code="9">5738</subfield>
  </datafield>
  <datafield tag="650" ind1=" " ind2="0">
    <subfield code="9">5390</subfield>
    <subfield code="a">Yazarlar, T&#xFC;rk</subfield>
    <subfield code="x">Ya&#x15F;am&#xF6;yk&#xFC;s&#xFC;</subfield>
  </datafield>
  <datafield tag="700" ind1=" " ind2=" ">
    <subfield code="a">U&#xE7;man, Abdullah</subfield>
    <subfield code="c">Ed.</subfield>
    <subfield code="9">5739</subfield>
  </datafield>
  <datafield tag="700" ind1=" " ind2=" ">
    <subfield code="a">&#x130;nci, Handan</subfield>
    <subfield code="c">Ed.</subfield>
    <subfield code="9">5740</subfield>
  </datafield>
  <datafield tag="856" ind1=" " ind2=" ">
    <subfield code="z">Dijital N&#xFC;shas&#x131; i&#xE7;in Partimizin K&#xFC;t&#xFC;phane Sorumlusu ile ileti&#x15F;ime ge&#xE7;iniz.</subfield>
  </datafield>
  <datafield tag="942" ind1=" " ind2=" ">
    <subfield code="2">ddc</subfield>
    <subfield code="c">BKS</subfield>
  </datafield>
</record>
